Хладноломкость металлоконструкций и деталей машин (Запись № 12652282)

Подробности
000 -МАРКЕР
контрольное поле 01738nam0a2200385 4500
001 - ИДЕНТИФИКАТОР ЗАПИСИ
контрольное поле RU\NLR\BIBL_A\012923739
005 - ИДЕНТИФИКАТОР ВЕРСИИ
контрольное поле 20260407084023.0
010 ## - МЕЖДУНАРОДНЫЙ СТАНДАРТНЫЙ НОМЕР КНИГИ (ISBN)
Цена 38 к.
Тираж 2150
021 ## - НОМЕР ГОСУДАРСТВЕННОЙ РЕГИСТРАЦИИ
Код страны Российская Федерация
Номер [69-110427]
035 ## - ДРУГИЕ СИСТЕМНЫЕ НОМЕРА
Идентификатор записи (NLR Aleph) 012923739
100 ## - ДАННЫЕ ОБЩЕЙ ОБРАБОТКИ
Данные общей обработки 20130416d1969 |||y0rusy50 ca
101 0# - ЯЗЫК РЕСУРСА
Язык текста, звукозаписи и т.д. русский
102 ## - СТРАНА ПУБЛИКАЦИИ ИЛИ ПРОИЗВОДСТВА
Страна публикации Российская Федерация
105 ## - ПОЛЕ КОДИРОВАННЫХ ДАННЫХ: ТЕКСТОВЫЕ МАТЕРИАЛЫ, МОНОГРАФИЧЕСКИЕ
Кодированные данные о монографическом текстовом документе a z |||||
200 1# - ЗАГЛАВИЕ И СВЕДЕНИЯ ОБ ОТВЕТСТВЕННОСТИ
Основное заглавие Хладноломкость металлоконструкций и деталей машин
Первые сведения об ответственности [Григорьев Р.С., Ларионов В.П., Новиков Г.А., Яковлев П.Г.]
Последующие сведения об ответственности АН СССР. Сибирское отделение. Якутский филиал
210 ## - ПУБЛИКАЦИЯ, РАСПРОСТРАНЕНИЕ И ДР.
Место издания, распространения и т.д. Москва
Имя издателя, распространителя и т. д. "Наука"
Дата издания, распространения и т.д. 1969
215 ## - ФИЗИЧЕСКАЯ ХАРАКТЕРИСТИКА
Специфическое обозначение материала и объем 96 с.
Другие сведения о физической характеристике черт.
Размеры 21
300 ## - ОБЩИЕ ПРИМЕЧАНИЯ
Текст примечания Авторы указаны на обороте тит.л.
606 1# - НАИМЕНОВАНИЕ ТЕМЫ КАК ПРЕДМЕТ
Наименование темы Сталь
Тематический подзаголовок Хладноломкость
Системный номер авторитетной/нормативной записи 1715028
Идентификатор авторитетной/нормативной записи RU\NLR\AUTH\661062185
606 1# - НАИМЕНОВАНИЕ ТЕМЫ КАК ПРЕДМЕТ
Наименование темы Металлические конструкции
Тематический подзаголовок Прочность
Системный номер авторитетной/нормативной записи 1570770
Идентификатор авторитетной/нормативной записи RU\NLR\AUTH\66688239
606 1# - НАИМЕНОВАНИЕ ТЕМЫ КАК ПРЕДМЕТ
Наименование темы Детали машин
Тематический подзаголовок Прочность
Системный номер авторитетной/нормативной записи 941204
Идентификатор авторитетной/нормативной записи RU\NLR\AUTH\66348297
686 1# - ИНДЕКСЫ ДРУГИХ КЛАССИФИКАЦИЙ
Индекс К222.062.221
686 1# - ИНДЕКСЫ ДРУГИХ КЛАССИФИКАЦИЙ
Индекс Ж434-028.4
686 1# - ИНДЕКСЫ ДРУГИХ КЛАССИФИКАЦИЙ
Индекс К415
701 #1 - ИМЯ ЛИЦА - АЛЬТЕРНАТИВНАЯ ОТВЕТСТВЕННОСТЬ
Начальный элемент ввода Григорьев
Часть имени, кроме начального элемента ввода Р. С.
Расширение инициалов личного имени Руслан Спиридонович
701 #1 - ИМЯ ЛИЦА - АЛЬТЕРНАТИВНАЯ ОТВЕТСТВЕННОСТЬ
Материалы, к которым относится поле rus
Графика поля Кириллица
Начальный элемент ввода Ларионов
Часть имени, кроме начального элемента ввода В. П.
Дополнения к именам, кроме дат д-р техн. наук
Даты 1938-2004
Расширение инициалов личного имени Владимир Петрович
Идентификатор авторитетной/нормативной записи RU\NLR\AUTH\7724649
Системный номер авторитетной/нормативной записи 7699
701 #1 - ИМЯ ЛИЦА - АЛЬТЕРНАТИВНАЯ ОТВЕТСТВЕННОСТЬ
Начальный элемент ввода Новиков
Часть имени, кроме начального элемента ввода Г. А.
701 #1 - ИМЯ ЛИЦА - АЛЬТЕРНАТИВНАЯ ОТВЕТСТВЕННОСТЬ
Начальный элемент ввода Яковлев
Часть имени, кроме начального элемента ввода П. Г.
712 02 - НАИМЕНОВАНИЕ ОРГАНИЗАЦИИ - ВТОРИЧНАЯ ОТВЕТСТВЕННОСТЬ
Код отношения Издающая организация
Начальный элемент ввода АН СССР
Структурное подразделение Якутский филиал
Идентификатор авторитетной/нормативной записи RU\NLR\AUTH\8811497
Системный номер авторитетной/нормативной записи 295673
801 #0 - ИСТОЧНИК ЗАПИСИ
Страна Российская Федерация
Организация NLR
Правила каталогизации psbo
852 ## - МЕСТОНАХОЖДЕНИЕ И ШИФР ХРАНЕНИЯ
Идентификатор организации NLR
Шифр хранения (Call Number) 69-6/12880
942 ## - ДОПОЛНИТЕЛЬНЫЕ ЭЛЕМЕНТЫ ЗАПИСИ (АБИС)
Тип экземпляра АБИС Книга
980 ## - КОЛЛЕКЦИЯ
Название коллекции Национальная библиография
Экземпляры
Тип экземпляра Дата поступления Библиотека постоянного хранения Библиотека текущего хранения Место хранения Шифр хранения Штрих-код Статус экземпляра
Книга 27.10.2022 РНБ (Московский) РНБ (Московский) Русский книжный фонд: издания с 1957 года 69-6/12880 ERR-260834